000 01060cam a2200205 a 4500
003 BD-RjUL
005 20211215165748.0
008 211215s1976 le b 00010 ara
035 _a(BD-RjUL)
040 _aDLC-R
_cDLC-R
_dDLC
_beng
041 _aara
082 _223
_a297.082
_bKHH 1976
100 0 _a خان صدّيق حسن ;; khan, Ṣiddīq Ḥasan,
_d1832-1890.
_9216
245 1 0 _aحسن الاسوة بما ثبت من الله ورسوله في النسوة ;; Ḥusn al-uswah bi-mā thabata min Allāh wa-Rasūlihi fī al-niswah /
_cتأليف محمد صديق حسن خان القنوجي البخاري ؛ حققه وعلق عليه مصطفى الخن، محيي الدين مستو.;; taʼlīf Muḥammad Ṣiddīq Ḥasan Khān al-Qannawjī al-Bukhārī ; ḥaqqaqahu wa-ʻallaqa ʻalayhi Muṣṭafá al-Khinn, Muḥyī al-Dīn Mastū.
260 _6880-03
_aBayrūt :
_bMuʼassasat al-Risālah,
_c1976.
300 _a312 p. ;
_c23 cm.
504 _aIncludes bibliographical references.
650 0 _aMuslim women.
_9217
942 _2ddc
_cBK
999 _c79009
_d79009